Normal view
MARC view
- Nadin, Peter
Entry Personal Name
001 - CONTROL NUMBER
- control field: 129215
003 - CONTROL NUMBER IDENTIFIER
- control field: NUST
005 - DATE AND TIME OF LATEST TRANSACTION
- control field: 20250625163301.0
008 - FIXED-LENGTH DATA ELEMENTS
- fixed length control field: 250625|| aca||aabn | a|a d
040 ## - CATALOGING SOURCE
- Original cataloging agency: NUST
- Transcribing agency: NUST
100 ## - HEADING--PERSONAL NAME
- Personal name: Nadin, Peter
- Titles and other words associated with a name: (Researcher)
670 ## - SOURCE DATA FOUND
- Source citation: Work cat.: (NUST)0: The use of force in UN peacekeeping /
